Statystyki dla Kto Był Wtedy Na Boisku?Aston Villa 7-2 Liverpool

Kliknij tutaj aby rozwiązać quiz!

Ogólne statystyki

  • Ten quiz został rozwiązany 57 razy
  • Średni wynik to 17 z 30

Statystyki odpowiedzi

PozycjaBramkarz% Poprawnych
PSSalah
94%
LORobertson
89%
ŚOVan Dijk
89%
NFirmino
87%
TrenerKlopp
83%
BRAdrian
81%
PPGrealish
81%
POAlexander-Arnold
79%
ŚOGomez
79%
ŚPFabinho
72%
LSJota
72%
ZmiennikMilner
72%
NWatkins
68%
BRMartinez
66%
ŚPKeita
64%
POCash
62%
ŚOMings
62%
ŚPWijnaldum
57%
ŚOKonsa
45%
ZmiennikJones
40%
LOTargett
40%
ŚPDMcGinn
38%
ŚPDLuiz
34%
ZmiennikMinamino
32%
ŚPOBarkley
30%
TrenerSmith
26%
ZmiennikTraore
19%
LPTrezeguet
17%
ZmiennikNakamba
9%
ZmiennikEl-Mohamadi
0%

Rozkład punktacji

Percentyl według liczby udzielonych odpowiedzi

Procent ludzi z każdym wynikiem

Twoja historia wyników

Nie rozwiązałeś tego quizu